[Event "SWE-ch Masters Elite 2018"]
[Site "Ronneby"]
[Date "2018.07.05"]
[Round "6"]
[White "Rydstrom, Tom"]
[Black "Landgren, Andreas"]
[Result "1/2-1/2"]
[WhiteElo "2307"]
[BlackElo "2278"]
[Annotator "NA"]
[PlyCount "88"]
[EventDate "2018.06.30"]
[EventType "tourn"]
[EventCountry "SWE"]
[SourceTitle "playchess.com"]
[Source "ChessBase"]
[SourceQuality "1"]
[TimeControl "40/5400+30:1800+30"]

{[%evp 8,63,37,30,33,33,30,24,23,29,31,9,21,39,13,-26,12,20,0,11,1,3,19,-37,-22,-43,-32,-37,-29,-48,0,-3,0,32767,0,-10,0,-9,0,32767,32767,32767,0,0,32767,32767,7,32767,64,64,53,55,55,53,68,56,58,89]} 1. e4 {[%emt 0:12:04]} e6 {[%emt 0:00:00]} 2. d4 {[%emt 0:00:04]} d5 {[%emt 0:00:00]} 3. Nc3 {[%emt 0:00:05]} dxe4 {[%emt 0:00:00]} 4. Nxe4 {[%emt 0:00:05]} Nd7 {[%emt 0:00:09]} 5. Bd3 {[%emt 0:00:18]} Ngf6 {[%emt 0:00:12]} 6. Qe2 {[%emt 0:00:06]} c5 {[%emt 0:01:27]} 7. Nxf6+ {[%emt 0:06:16]} Nxf6 {[%emt 0:00:25]} 8. dxc5 {[%emt 0:00:11]} Bxc5 {[%emt 0:00:12]} 9. Nf3 {[%emt 0:00:03]} O-O {[%emt 0:10:59]} 10. Bg5 {[%emt 0:00:40]} h6 {[%emt 0:05:56]} 11. Bd2 {[%emt 0:00:37]} e5 {[%emt 0:03:45] C10: French with 3 Nc3: Unusual Black 3rd moves and 3...dxe4} (11... Qb6 12. O-O-O Ng4 13. Rhf1 Nxf2 14. Rxf2 Bxf2 15. Rf1 Bd4 16. c3 Bf6 17. Ne5 Bxe5 18. Qxe5 Rd8 19. Rf3 {½-½ (60) Almasi,Z (2640)-Van Wely,L (2700) Monte Carlo 2001}) 12. O-O-O $1 {[%emt 0:09:05] LiveBook: 5 Games} e4 {[%emt 0:03:19]} 13. Bxe4 {[%emt 0:00:21]} Qe7 {[%emt 0:00:14]} 14. Rhe1 {[%emt 0:00:48]} Qe6 $146 {[%emt 0:00:52]} ({Predecessor:} 14... Qxe4 15. Qxe4 Nxe4 16. Rxe4 Bxf2 17. Bb4 Bf5 18. Re5 g6 19. Bxf8 Kxf8 {1-0 (34) Berelowitsch,A (2576)-Schilow,W (2410) Germany 2009}) 15. Kb1 {[%emt 0:04:11]} Nxe4 {[%emt 0:01:03]} 16. Qxe4 {[%emt 0:00:04]} Bxf2 {[%emt 0:00:23]} 17. Re2 {[%emt 0:00:28]} Qxe4 {[%emt 0:00:46]} 18. Rxe4 {[%emt 0:00:02]} Be6 {[%emt 0:00:25]} 19. Nd4 {[%emt 0:03:13]} Bxd4 {[%emt 0:04:04]} 20. Rxd4 {[%emt 0:03:07]} Rfd8 {[%emt 0:01:37]} 21. Bc3 {[%emt 0:01:01]} Rxd4 {[%emt 0:00:19]} 22. Rxd4 {[%emt 0:00:02]} f6 {[%emt 0:06:31]} 23. a4 {[%emt 0:02:21]} Kf7 {[%emt 0:01:50]} 24. b3 {[%emt 0:00:32]} Rc8 {[%emt 0:01:31]} 25. Kb2 {[%emt 0:00:05]} Ke8 {[%emt 0:04:31]} 26. Bb4 {[%emt 0:00:49]} Bf5 {[%emt 0:05:15]} 27. c4 {[%emt 0:00:13]} Rd8 {[%emt 0:01:11]} (27... Kf7 $11) 28. Rxd8+ {[%emt 0:00:48]} Kxd8 {[%emt 0:00:09]} 29. Bf8 {[%emt 0:00:30]} g5 {[%emt 0:00:45]} 30. Bxh6 {[%emt 0:01:26]} Ke7 {[%emt 0:00:25]} 31. Kc3 {[%emt 0:03:23]} Kf7 {[%emt 0:02:54]} 32. b4 $16 {[%emt 0:04:31]} Be4 {[%emt 0:03:41]} 33. g3 {[%emt 0:01:49]} a6 {[%emt 0:01:00]} 34. Kd4 {[%emt 0:00:11]} Bg2 {[%emt 0:03:39]} 35. Kc5 {[%emt 0:00:32]} Kg6 {[%emt 0:01:04]} 36. Bf8 {[%emt 0:00:05]} Kh5 {[%emt 0:00:44]} 37. Kb6 {[%emt 0:10:40]} Kg4 {[%emt 0:01:59]} 38. Bd6 {[%emt 0:04:08]} Kh3 {[%emt 0:04:39]} 39. b5 {[%emt 0:03:29]} axb5 {[%emt 0:00:24]} 40. cxb5 {[%emt 0:00:10]} Kxh2 {[%emt 0:01:26]} 41. Kc5 {[%emt 0:31:20]} Kh3 {[%emt 0:30:58]} 42. a5 {[%emt 0:00:31]} Kg4 {[%emt 0:00:29]} 43. a6 {[%emt 0:01:13]} bxa6 {[%emt 0:00:05]} 44. bxa6 {[%emt 0:00:08]} f5 {[%emt 0:00:07]} 1/2-1/2

[Event "SWE-ch Masters Elite 2018"]
[Site "Ronneby"]
[Date "2018.07.05"]
[Round "6"]
[White "Lundin, Jan"]
[Black "Logdahl, Harald"]
[Result "0-1"]
[WhiteElo "2282"]
[BlackElo "2249"]
[Annotator "NA"]
[PlyCount "98"]
[EventDate "2018.06.30"]
[EventType "tourn"]
[EventCountry "SWE"]
[SourceTitle "playchess.com"]
[Source "ChessBase"]
[SourceQuality "1"]
[TimeControl "40/5400+30:1800+30"]

1. f4 {[%emt 0:00:22]} g6 {[%emt 0:00:10]} 2. Nf3 {[%emt 0:00:07]} d5 {[%emt 0:00:13]} 3. g3 {[%emt 0:00:13]} c6 {[%emt 0:00:42]} 4. c3 {[%emt 0:02:13]} Bg7 {[%emt 0:00:44]} 5. Bg2 {[%emt 0:00:55]} Qb6 {[%emt 0:02:43] LiveBook: 17 Games} 6. d4 {[%emt 0:06:01] A03: Bird's Opening with 1...d5} (6. Qb3 Nd7 7. d3 Nh6 8. Na3 Nc5 9. Qxb6 axb6 10. Nc2 Nf5 11. Kf2 O-O 12. g4 Nd6 13. h3 f6 {0-1 (53) Hamitevici,V (2487)-Rodshtein,M (2698) Chartres 2017}) 6... Bf5 {[%emt 0:01:58]} 7. Nbd2 {[%emt 0:03:20]} Nf6 $146 {[%emt 0:04:16]} ({Predecessor:} 7... Nd7 8. O-O Ngf6 9. Ng5 h6 10. Nh3 Ng4 11. Nb3 e6 12. Re1 O-O 13. e4 dxe4 14. Bxe4 {1-0 (40) Grunberg,M (2472)-Vasiesiu,D (2440) Bucharest 2001}) 8. e3 {[%emt 0:03:53]} Ne4 {[%emt 0:05:32]} 9. O-O {[%emt 0:03:04]} Nd7 {[%emt 0:03:59]} 10. a4 {[%emt 0:12:18]} Bg4 {[%emt 0:03:55]} 11. h3 {[%emt 0:08:03]} Nxd2 {[%emt 0:04:17]} 12. Bxd2 {[%emt 0:06:08]} Bxf3 {[%emt 0:00:27]} 13. Bxf3 {[%emt 0:00:44]} f5 {[%emt 0:05:55]} 14. a5 {[%emt 0:04:27]} Qc7 {[%emt 0:00:46]} 15. a6 {[%emt 0:00:34]} b5 {[%emt 0:01:14]} 16. b3 {[%emt 0:09:23]} Nb6 17. Qe2 {[%emt 0:00:50]} e6 {[%emt 0:02:22]} 18. Bc1 {[%emt 0:00:30]} Bf8 $11 {[%emt 0:05:04]} 19. g4 {[%emt 0:06:18]} Bd6 {[%emt 0:01:32]} 20. Rf2 {[%emt 0:00:33]} O-O {[%emt 0:07:23]} 21. Rg2 {[%emt 0:01:44]} Kh8 {[%emt 0:05:43]} 22. Bb2 {[%emt 0:00:53]} Rae8 {[%emt 0:13:31]} 23. g5 {[%emt 0:04:31]} Kg8 {[%emt 0:04:26]} 24. Qf1 {[%emt 0:00:32]} Rb8 {[%emt 0:01:31]} 25. Be2 {[%emt 0:00:23]} c5 {[%emt 0:10:51]} 26. Bxb5 {[%emt 0:01:36]} c4 {[%emt 0:00:08]} 27. b4 Kf7 {[%emt 0:00:37]} 28. Ba4 {[%emt 0:02:05]} Nxa4 {[%emt 0:00:10]} 29. Rxa4 {[%emt 0:00:09]} h6 {[%emt 0:03:57]} 30. gxh6 {[%emt 0:03:13]} Rh8 {[%emt 0:00:08]} 31. Rg3 {[%emt 0:02:34]} Rxh6 {[%emt 0:00:59]} 32. Ra5 {[%emt 0:02:53]} Qd8 {[%emt 0:04:05]} 33. Qg2 {[%emt 0:06:32]} Rb6 {[%emt 0:00:49]} 34. Bc1 {[%emt 0:01:22]} Qc8 {[%emt 0:04:05]} 35. Qa2 {[%emt 0:00:42]} g5 {[%emt 0:00:46]} 36. fxg5 {[%emt 0:04:39]} Rh5 {[%emt 0:00:28]} 37. g6+ {[%emt 0:01:23]} Kg7 {[%emt 0:00:16]} 38. Rf3 {[%emt 0:01:52]} Qe8 {[%emt 0:00:56]} 39. Kf1 {[%emt 0:01:39]} Qxg6 {[%emt 0:00:41]} 40. Rc5 {[%emt 0:00:41]} Rg5 {[%emt 0:01:08]} 41. Qf2 {[%emt 0:07:36]} Bxc5 {[%emt 0:02:52]} 42. dxc5 Rxa6 {[%emt 0:00:18]} 43. Qd2 {[%emt 0:03:30]} Ra1 {[%emt 0:06:57]} 44. Ke2 Rg2+ {[%emt 0:02:00]} 45. Rf2 {[%emt 0:01:08]} Rg1 {[%emt 0:05:59]} 46. Qd4+ {[%emt 0:05:41]} Kf7 {[%emt 0:00:46]} 47. Qf4 Qh5+ {[%emt 0:04:48]} 48. Rf3 {[%emt 0:03:19]} Raxc1 {[%emt 0:00:19]} 49. Qc7+ {[%emt 0:00:43]} Kg6 0-1

[Event "SWE-ch Masters Elite 2018"]
[Site "Ronneby"]
[Date "2018.07.05"]
[Round "6"]
[White "Lindh, Fredrik"]
[Black "Furhoff, Johan"]
[Result "1/2-1/2"]
[WhiteElo "2273"]
[BlackElo "2332"]
[Annotator "NA"]
[PlyCount "84"]
[EventDate "2018.06.30"]
[EventType "tourn"]
[EventCountry "SWE"]
[SourceTitle "playchess.com"]
[Source "ChessBase"]
[SourceQuality "1"]
[TimeControl "40/5400+30:1800+30"]

1. e4 {[%emt 0:00:40]} e5 {[%emt 0:00:00]} 2. Nf3 {[%emt 0:00:06]} Nc6 {[%emt 0:00:00]} 3. Bb5 {[%emt 0:00:06]} a6 {[%emt 0:00:00]} 4. Ba4 {[%emt 0:00:05]} Nf6 {[%emt 0:00:00]} 5. O-O {[%emt 0:00:06]} b5 {[%emt 0:00:00]} 6. Bb3 {[%emt 0:00:06]} Bb7 {[%emt 0:00:02]} 7. d3 {[%emt 0:00:30]} Be7 {[%emt 0:00:16]} 8. Nc3 {[%emt 0:00:26]} O-O {[%emt 0:01:40]} 9. Re1 {[%emt 0:00:24]} d6 {[%emt 0:02:50]} 10. a3 {[%emt 0:00:46]} Na5 {[%emt 0:08:34] C84: Closed Ruy Lopez: Unusual White 6th moves} (10... Re8 11. Ba2 h6 12. h3 Bf8 13. Be3 Ne7 14. d4 exd4 15. Bxd4 Nc6 16. Be3 Qd7 17. Nd5 Nxd5 18. Bxd5 {0-1 (67) Bacrot,E (2715)-Bu,X (2710) Tbilisi 2017}) 11. Ba2 {[%emt 0:01:14] LiveBook: 18 Games} c5 {[%emt 0:00:13]} 12. Ne2 {[%emt 0:02:47]} Nc6 {[%emt 0:06:00]} 13. Ng3 {[%emt 0:05:25]} Nd4 $146 {[%emt 0:02:31]} ({Predecessor:} 13... Bc8 14. c3 h6 15. h3 Re8 16. Qe2 Be6 17. Bxe6 fxe6 18. Nh2 {1-0 (87) Brankovic,D (2398)-Vujic,M (2340) Paracin 2008}) 14. Nxd4 {[%emt 0:30:31]} cxd4 {[%emt 0:00:37]} 15. Nf5 {[%emt 0:01:59]} Rc8 {[%emt 0:05:53]} (15... Bc8 $11 {keeps the balance.}) 16. Bg5 {[%emt 0:03:00]} Kh8 {[%emt 0:12:55]} 17. Rc1 {[%emt 0:12:40]} Ng8 {[%emt 0:03:35]} 18. Nxe7 {[%emt 0:00:56]} Nxe7 {[%emt 0:00:25]} 19. c3 {[%emt 0:00:15]} dxc3 {[%emt 0:02:20]} 20. bxc3 {[%emt 0:03:11]} f6 {[%emt 0:02:58]} 21. Bd2 $11 {[%emt 0:01:26]} d5 {[%emt 0:03:11]} 22. exd5 {[%emt 0:04:29]} Bxd5 {[%emt 0:06:25]} 23. Bxd5 {[%emt 0:02:14]} Qxd5 {[%emt 0:01:34]} 24. c4 {[%emt 0:01:30]} bxc4 {[%emt 0:04:00]} 25. Bb4 {[%emt 0:05:44]} cxd3 {[%emt 0:09:25]} 26. Qd2 {[%emt 0:12:45]} Ng6 {[%emt 0:05:56]} 27. Bxf8 {[%emt 0:00:45]} Rxf8 {[%emt 0:00:20]} 28. Rcd1 {[%emt 0:02:37]} Rd8 {[%emt 0:04:00]} 29. f3 {[%emt 0:01:49]} Nf4 {[%emt 0:06:37]} 30. Re3 {[%emt 0:00:49]} f5 {[%emt 0:01:59]} 31. g3 {[%emt 0:00:55]} Ne2+ {[%emt 0:03:58]} 32. Kf2 {[%emt 0:00:39]} e4 {[%emt 0:00:19]} 33. Qxe2 {[%emt 0:01:00]} dxe2 {[%emt 0:00:16]} 34. Rxd5 {[%emt 0:00:06]} Rxd5 {[%emt 0:00:25]} 35. fxe4 {[%emt 0:00:21]} Re5 {[%emt 0:00:36]} 36. Kxe2 {[%emt 0:01:46]} fxe4 {[%emt 0:00:42]} 37. Rb3 {[%emt 0:00:05]} Kg8 {[%emt 0:04:12]} 38. Ke3 {[%emt 0:00:22]} Kf7 {[%emt 0:00:07]} 39. Rb4 {[%emt 0:01:18]} Kf6 {[%emt 0:01:47]} 40. Rxe4 {[%emt 0:02:18]} Kf5 {[%emt 0:00:42]} 41. g4+ {[%emt 0:05:46]} Kf6 {[%emt 0:00:06]} 42. h4 {[%emt 0:03:54]} Rb5 {[%emt 0:01:33]} 1/2-1/2

[Event "SWE-ch Masters Elite 2018"]
[Site "Ronneby"]
[Date "2018.07.05"]
[Round "6"]
[White "Lind, Jan-Olov"]
[Black "Malmstig, Erik"]
[Result "1/2-1/2"]
[WhiteElo "2234"]
[BlackElo "2336"]
[Annotator "NA"]
[PlyCount "105"]
[EventDate "2018.06.30"]
[EventType "tourn"]
[EventCountry "SWE"]
[SourceTitle "playchess.com"]
[Source "ChessBase"]
[SourceQuality "1"]
[TimeControl "40/5400+30:1800+30"]

1. e4 {[%emt 0:00:00]} e6 {[%emt 0:00:00]} 2. d4 {[%emt 0:00:41]} d5 {[%emt 0:00:00]} 3. Nc3 {[%emt 0:00:09]} dxe4 {[%emt 0:00:02]} 4. Nxe4 {[%emt 0:00:11]} Bd7 {[%emt 0:00:04]} 5. Nf3 {[%emt 0:03:48]} Bc6 {[%emt 0:00:10]} 6. Bd3 {[%emt 0:00:23]} Nd7 {[%emt 0:00:21]} 7. O-O {[%emt 0:03:34]} Bxe4 {[%emt 0:00:26]} 8. Bxe4 {[%emt 0:00:10]} c6 {[%emt 0:00:03]} 9. c4 {[%emt 0:05:53]} Ngf6 {[%emt 0:00:29]} 10. Bc2 {[%emt 0:00:27]} Be7 {[%emt 0:02:50]} 11. b3 {[%emt 0:06:28]} O-O {[%emt 0:02:33] C10: French with 3 Nc3: Unusual Black 3rd moves and 3...dxe4} 12. Bb2 {[%emt 0:05:08] LiveBook: 7 Games} Qa5 {[%emt 0:01:10]} (12... Re8 13. Qe2 Qa5 14. a3 Rad8 15. Rfe1 g6 16. Rad1 Bf8 17. h3 a6 18. Rd3 Nh5 19. g3 {1-0 (63) Mastrovasilis,D (2613)-Lajthajm,B (2467) Valjevo 2012}) 13. a3 {[%emt 0:11:57]} Rfd8 {[%emt 0:01:54]} 14. Qe2 {[%emt 0:01:30]} Bf8 $146 {[%emt 0:04:12]} ({Predecessor:} 14... Qh5 15. Rad1 Bf8 16. Rd2 g6 17. Re1 Bg7 18. h3 a6 19. b4 {½-½ (67) Samaritani,F (2220)-Saccone,F (2175) Montecatini Terme 1996}) 15. Rfe1 {[%emt 0:04:46]} Rac8 {[%emt 0:05:01]} 16. Qe3 {[%emt 0:13:32]} g6 {[%emt 0:06:33]} 17. Bc3 {[%emt 0:03:54]} Qh5 {[%emt 0:03:26]} 18. h3 {[%emt 0:01:48]} Bh6 {[%emt 0:02:57]} 19. Qe2 {[%emt 0:01:07]} Bf4 {[%emt 0:08:42]} 20. Qf1 {[%emt 0:02:40]} Qh6 {[%emt 0:01:58]} 21. g3 {[%emt 0:00:49]} Bd6 {[%emt 0:01:14]} 22. Bd2 $16 {[%emt 0:04:13]} Qf8 {[%emt 0:02:02]} 23. Qe2 {[%emt 0:01:12]} Nh5 {[%emt 0:02:13]} 24. Kg2 {[%emt 0:06:01]} Re8 {[%emt 0:02:09]} 25. Bc3 {[%emt 0:02:48]} Be7 {[%emt 0:04:44]} 26. Bd3 {[%emt 0:04:08]} Bf6 {[%emt 0:02:05]} 27. Qb2 {[%emt 0:01:54]} Qg7 {[%emt 0:00:39]} 28. Ne5 {[%emt 0:02:14]} Nxe5 {[%emt 0:05:34]} 29. dxe5 {[%emt 0:00:14]} Be7 {[%emt 0:01:05]} 30. Be4 {[%emt 0:01:30]} Red8 {[%emt 0:02:07]} 31. Red1 {[%emt 0:01:53]} Qf8 {[%emt 0:01:02]} 32. b4 {[%emt 0:00:23]} Ng7 {[%emt 0:01:03]} 33. h4 {[%emt 0:02:08]} h5 {[%emt 0:04:55]} 34. Qc2 {[%emt 0:00:21]} Kh7 {[%emt 0:00:30]} 35. Rxd8 {[%emt 0:00:37]} Rxd8 {[%emt 0:01:42]} 36. Rd1 {[%emt 0:00:12]} Kg8 {[%emt 0:02:59]} 37. Qe2 {[%emt 0:01:23]} Qe8 {[%emt 0:03:02]} 38. Qf3 {[%emt 0:01:17]} Rd7 {[%emt 0:01:06]} 39. a4 {[%emt 0:00:39]} Qd8 {[%emt 0:02:10]} 40. Rxd7 {[%emt 0:00:51]} Qxd7 {[%emt 0:00:08]} 41. a5 {[%emt 0:36:58]} a6 {[%emt 0:37:23]} 42. Kf1 {[%emt 0:00:00]} Nf5 {[%emt 0:00:00]} 43. Qd3 {[%emt 0:00:00]} Qc8 {[%emt 0:00:00]} 44. Bd2 {[%emt 0:00:00]} Qc7 {[%emt 0:00:00]} 45. f4 {[%emt 0:00:00]} Kg7 {[%emt 0:00:00]} 46. Kg2 {[%emt 0:00:00]} Kf8 {[%emt 0:01:30]} 47. b5 {[%emt 0:00:00]} Bc5 {[%emt 0:01:27]} 48. bxa6 {[%emt 0:00:00]} bxa6 {[%emt 0:00:10]} 49. Bc3 {[%emt 0:00:00]} Ke8 {[%emt 0:03:36]} 50. Kh3 {[%emt 0:00:00]} Ne7 {[%emt 0:03:50]} 51. g4 {[%emt 0:00:00]} hxg4+ {[%emt 0:00:26]} 52. Kxg4 {[%emt 0:00:00]} Qb7 {[%emt 0:01:33]} 53. Qb1 {[%emt 0:00:00]} 1/2-1/2

[Event "SWE-ch Masters Elite 2018"]
[Site "Ronneby"]
[Date "2018.07.06"]
[Round "7"]
[White "Malmstig, Erik"]
[Black "Lindh, Fredrik"]
[Result "1-0"]
[WhiteElo "2336"]
[BlackElo "2273"]
[Annotator "NA"]
[PlyCount "59"]
[EventDate "2018.06.30"]
[EventType "tourn"]
[EventCountry "SWE"]
[SourceTitle "playchess.com"]
[Source "ChessBase"]
[SourceQuality "1"]
[TimeControl "40/5400+30:1800+30"]

1. d4 {[%emt 0:00:00]} Nf6 {[%emt 0:00:32]} 2. Bg5 {[%emt 0:00:00]} Ne4 {[%emt 0:00:06]} 3. Bf4 {[%emt 0:00:00]} d5 {[%emt 0:00:04]} 4. f3 {[%emt 0:00:00]} Nf6 {[%emt 0:00:14]} 5. e4 {[%emt 0:00:41]} e6 {[%emt 0:00:08]} 6. Nc3 {[%emt 0:00:08]} Bb4 {[%emt 0:03:26]} 7. Qd3 {[%emt 0:05:15]} c5 {[%emt 0:28:16]} 8. a3 {[%emt 0:01:18]} dxe4 {[%emt 0:23:10]} 9. Qb5+ {[%emt 0:13:37]} (9. fxe4 $5 {[%cal Ra3b4]} Qa5 10. Nf3 $11) 9... Bd7 {[%emt 0:00:29]} 10. Qxb7 {[%emt 0:00:07]} Bxc3+ $1 {[%emt 0:00:14]} 11. bxc3 {[%emt 0:00:07]} Nc6 {[%emt 0:11:07]} 12. Bc7 $1 {[%emt 0:15:15]} ({Of course not} 12. dxc5 e5 $17) 12... Qc8 {[%emt 0:00:06]} (12... Na5 $5 {[%cal Ra5b7]} 13. Bxd8 (13. Bxa5 $2 Qxa5 14. Ne2 O-O $19) 13... Nxb7 14. Bxf6 gxf6 $11) 13. Ba6 {[%emt 0:00:14]} (13. Qxc8+ $1 $11 Rxc8 14. Bg3) 13... cxd4 {[%emt 0:05:28]} 14. fxe4 $1 {[%emt 0:09:56]} Nxe4 {[%emt 0:11:17]} 15. cxd4 {[%emt 0:01:56]} Nc3 $11 {[%emt 0:05:20]} 16. Nf3 {[%emt 0:04:08]} Nd5 {[%emt 0:00:04]} 17. Bd6 {[%emt 0:03:31]} Na5 {[%emt 0:00:24]} 18. Qxc8+ {[%emt 0:06:47]} Bxc8 {[%emt 0:00:05]} 19. Bd3 {[%emt 0:03:07]} Bb7 {[%emt 0:00:05]} 20. O-O {[%emt 0:04:49]} Kd7 {[%emt 0:02:36]} 21. Bc5 {[%emt 0:03:54]} f6 {[%emt 0:00:24]} 22. Nd2 {[%emt 0:11:18]} Bc6 {[%emt 0:01:08]} 23. Bb4 {[%emt 0:01:38]} Nb7 {[%emt 0:01:35]} 24. c4 {[%emt 0:00:45]} Nb6 {[%emt 0:01:04]} 25. Rab1 {[%emt 0:03:58]} a5 {[%emt 0:03:28]} 26. Bc3 {[%emt 0:00:57]} Na4 {[%emt 0:00:05]} 27. Ba1 {[%emt 0:00:16]} Nd6 {[%emt 0:01:06]} 28. Bc2 {[%emt 0:01:19]} Kc7 {[%emt 0:01:11]} 29. Rfc1 {[%emt 0:03:16]} Bd7 {[%emt 0:00:22]} 30. c5 {[%emt 0:00:35]} 1-0

[Event "SWE-ch Masters Elite 2018"]
[Site "Ronneby"]
[Date "2018.07.06"]
[Round "7"]
[White "Furhoff, Johan"]
[Black "Wiedenkeller, Michael"]
[Result "1/2-1/2"]
[WhiteElo "2332"]
[BlackElo "2465"]
[Annotator "ChessBase"]
[PlyCount "33"]
[EventDate "2018.06.30"]
[EventType "tourn"]
[EventCountry "SWE"]
[SourceTitle "playchess.com"]
[Source "ChessBase"]
[SourceQuality "1"]
[TimeControl "40/5400+30:1800+30"]

1. e4 {[%emt 0:00:00]} e6 {[%emt 0:00:00]} 2. d4 {[%emt 0:00:00]} d5 {[%emt 0:00:00]} 3. Nd2 {[%emt 0:00:00]} c5 {[%emt 0:00:43]} 4. exd5 {[%emt 0:00:00]} exd5 {[%emt 0:00:26]} 5. Ngf3 {[%emt 0:00:24]} Nc6 {[%emt 0:00:38]} 6. Bb5 {[%emt 0:00:31]} Qe7+ {[%emt 0:00:22]} 7. Be2 {[%emt 0:03:12]} Qc7 {[%emt 0:00:13]} 8. O-O {[%emt 0:01:12]} Nf6 {[%emt 0:05:04]} 9. Re1 {[%emt 0:03:55]} cxd4 {[%emt 0:05:12]} 10. Nb3 {[%emt 0:03:37]} Bb4 {[%emt 0:01:06]} 11. Bd2 {[%emt 0:00:49]} Bxd2 {[%emt 0:00:33]} 12. Qxd2 {[%emt 0:00:58]} O-O {[%emt 0:00:13]} 13. Bd3 {[%emt 0:07:47]} Bg4 {[%emt 0:13:22]} 14. Nfxd4 {[%emt 0:03:19]} Rae8 {[%emt 0:02:57]} 15. f3 {[%emt 0:14:56]} Bd7 {[%emt 0:05:12]} 16. Nb5 {[%emt 0:04:44]} Qb8 {[%emt 0:05:17]} 17. Nc5 {[%emt 0:06:56]} 1/2-1/2

[Event "SWE-ch Masters Elite 2018"]
[Site "Ronneby"]
[Date "2018.07.06"]
[Round "7"]
[White "Ziegler, Ari"]
[Black "Rydstrom, Tom"]
[Result "1-0"]
[WhiteElo "2305"]
[BlackElo "2307"]
[Annotator "NA"]
[PlyCount "85"]
[EventDate "2018.06.30"]
[EventType "tourn"]
[EventCountry "SWE"]
[SourceTitle "playchess.com"]
[Source "ChessBase"]
[SourceQuality "1"]
[TimeControl "40/5400+30:1800+30"]

1. e4 {[%emt 0:00:00]} c5 {[%emt 0:00:27]} 2. Nf3 {[%emt 0:00:00]} e6 {[%emt 0:00:04]} 3. d4 {[%emt 0:00:00]} cxd4 {[%emt 0:00:04]} 4. Nxd4 {[%emt 0:00:00]} a6 {[%emt 0:00:05]} 5. Nc3 {[%emt 0:00:00]} Qc7 {[%emt 0:01:10]} 6. g3 {[%emt 0:00:17]} Bb4 {[%emt 0:01:01]} 7. Bd2 {[%emt 0:00:09]} Nc6 {[%emt 0:00:03] B43: Sicilian: Kan Variation: 5 Nc3} 8. Nb3 {[%emt 0:00:10]} h5 $146 {[%emt 0:00:10]} ({Predecessor:} 8... Nf6 9. Bg2 O-O 10. O-O Be7 11. f4 b5 12. a3 Bb7 13. Be3 b4 14. axb4 Nxb4 15. Na5 d5 16. Nxb7 Qxb7 17. exd5 Nbxd5 18. Bd4 {½-½ (18) Asadli,V (2449)-Solak,D (2629) Batumi 2018}) 9. a3 {[%emt 0:07:49]} Be7 {[%emt 0:00:10]} 10. Bd3 {[%emt 0:08:03]} b5 {[%emt 0:08:16]} 11. Qe2 {[%emt 0:00:15]} d6 {[%emt 0:00:39]} 12. f4 {[%emt 0:02:46]} Nf6 {[%emt 0:03:20]} 13. O-O-O {[%emt 0:08:43]} b4 {[%emt 0:05:54]} 14. axb4 {[%emt 0:02:44]} Nxb4 {[%emt 0:00:17]} 15. e5 {[%emt 0:07:06]} dxe5 {[%emt 0:04:31]} 16. fxe5 {[%emt 0:00:11]} Nxd3+ {[%emt 0:00:24]} 17. Qxd3 {[%emt 0:01:41]} Nd7 {[%emt 0:01:12]} 18. Rhe1 {[%emt 0:02:14]} Rb8 {[%emt 0:08:47]} ({Better is} 18... Bb7 $1 $15) 19. h4 {[%emt 0:13:11]} Bb7 {[%emt 0:09:48]} ({Bitte nicht} 19... Nxe5 $6 {[#]} 20. Rxe5 $1 {[%mdl 512]} Rxb3 21. Bf4 $16) 20. Bf4 {[%emt 0:07:52]} (20. Ne4 $11 {remains equal.}) 20... Bc6 {[%emt 0:14:44]} 21. Qxa6 {[%emt 0:18:08]} O-O {[%emt 0:02:12]} 22. Nd4 {[%emt 0:01:25]} Rb6 {[%emt 0:03:57]} 23. Qc4 {[%emt 0:02:48]} Nc5 {[%emt 0:02:23]} 24. Ncb5 {[%emt 0:06:41]} Bxb5 {[%emt 0:00:48]} 25. Nxb5 {[%emt 0:00:08]} Qc6 {[%emt 0:04:27]} 26. Nd6 {[%emt 0:00:36]} Ra8 {[%emt 0:00:13]} 27. b4 {[%emt 0:05:38]} Ra1+ {[%emt 0:16:56]} 28. Kd2 {[%emt 0:01:08]} Rxd1+ {[%emt 0:00:45]} 29. Kxd1 {[%emt 0:00:11]} Qf3+ {[%emt 0:00:51]} 30. Re2 {[%emt 0:00:15]} Na4 {[%emt 0:00:29]} 31. Kd2 {[%emt 0:02:46]} Qa3 {[%emt 0:08:19]} 32. b5 {[%emt 0:00:49]} Nc5 {[%emt 0:01:22]} 33. Qc3 {[%emt 0:00:32]} Qxc3+ {[%emt 0:01:13]} 34. Kxc3 {[%emt 0:00:05]} Rb8 {[%emt 0:00:02]} 35. Kc4 {[%emt 0:00:22]} Nd7 {[%emt 0:00:38]} 36. c3 {[%emt 0:01:07]} Nb6+ $2 {[%emt 0:00:23]} (36... Ra8 37. Kb3 Bd8) 37. Kc5 {[%emt 0:00:53]} Nd7+ {[%emt 0:01:32]} 38. Kc6 {[%emt 0:00:33]} Nf8 {[%emt 0:00:48]} 39. Rc2 {[%emt 0:01:23]} f6 {[%emt 0:00:13]} 40. c4 {[%emt 0:00:30]} fxe5 {[%emt 0:00:46]} 41. Bg5 {[%emt 0:03:41]} Ng6 $18 {[%emt 0:01:01]} 42. Bxe7 {[%emt 0:03:21]} Nxe7+ {[%emt 0:00:03]} 43. Kc7 {[%emt 0:00:07]} 1-0